[Event "IsBank TCh-TUR"]
[Site "Konya TUR"]
[Date "2010.07.07"]
[Round "12"]
[White "Sanal,S"]
[Black "Buyukasik,Betul"]
[Result "1-0"]
[WhiteElo "1713"]
[BlackElo "1670"]

1.e4 c5 2.Nf3 d6 3.Bb5+ Nc6 4.O-O Bd7 5.Re1 a6 6.Bxc6 Bxc6 7.d4 cxd4 8.Nxd4 Nf6
9.Nxc6 bxc6 10.Nc3 g6 11.Qf3 e5 12.Bg5 Bg7 13.Rad1 O-O 14.Qd3 Rc8 15.Qxd6 Qxd6
16.Rxd6 Ne8 17.Rd3 Nf6 18.Red1 h6 19.Bxf6 Bxf6 20.Kf1 Rc7 21.Na4 Rb8 22.b3 c5
23.c4 Kg7 24.Rd5 Rbc8 25.Ke2 Rc6 26.f3 a5 27.Rd6 Be7 28.Rd7 R8c7 29.Nc3 Rxd7
30.Rxd7 Kf8 31.Nd5 Bg5 32.Ra7 Bd8 33.Kd2 Ke8 34.Kc2 g5 35.Rb7 h5 36.h3 h4
37.Ra7 Kf8 38.Rb7 Ke8 39.Nc3 Rd6 40.Rb5 Rc6 41.Na4 Rd6 42.Rxc5 g4 43.Rxe5+ Be7
44.hxg4  1-0

[Event "9th Open"]
[Site "La Fere FRA"]
[Date "2010.07.07"]
[Round "6"]
[White "Lebon,J"]
[Black "Roux,JeanF"]
[Result "1-0"]
[WhiteElo "2026"]
[BlackElo "1588"]

1.e4 c5 2.Nf3 d6 3.Bb5+ Bd7 4.Bxd7+ Qxd7 5.O-O Nf6 6.e5 dxe5 7.Nxe5 Qc7 8.d4 cxd4
9.Bf4 Qc5 10.Nd2 e6 11.Nb3 Qd5 12.Qxd4 Qxd4 13.Nxd4 a6 14.Rfd1 Be7 15.Rd3 O-O
16.Rad1 Rd8 17.Nf5 Rxd3 18.Nxe7+ Kf8 19.N7g6+ fxg6 20.Rxd3 Nc6 21.Nxc6 bxc6
22.Rb3 Nd5 23.Rb8+ Rxb8 24.Bxb8 Nb4 25.Bd6+  1-0

[Event "30th Open"]
[Site "Benasque ESP"]
[Date "2010.07.08"]
[Round "1"]
[White "Puertolas Serena,A"]
[Black "Zakhartsov,Vi"]
[Result "0-1"]
[WhiteElo "1975"]
[BlackElo "2608"]

1.e4 c5 2.Nf3 d6 3.Bb5+ Nd7 4.O-O Nf6 5.Re1 a6 6.Bxd7+ Bxd7 7.h3 Bc6 8.Nc3 e5
9.d3 Be7 10.Be3 O-O 11.Ne2 Nd7 12.Ng3 d5 13.exd5 Bxd5 14.Nf5 Bf6 15.Nd2 g6
16.Ng3 Bg7 17.Nb3 b6 18.Ne4 f5 19.Nc3 Bb7 20.f3 h6 21.Nd2 Qc7 22.Nf1 Rad8
23.Qe2 Nb8 24.Bf2 Nc6 25.Rac1 Nd4 26.Bxd4 cxd4 27.Nd1 Qd6 28.Nf2 Rc8 29.Nd2 b5
30.Nb3 Rc7 31.Na5 Bd5 32.Nb3 Rfc8 33.Qd2 Kh7 34.Re2 h5 35.Qd1 Bh6 36.Rb1 Bf4
37.h4 Qf6 38.Nh3 Be3+ 39.Rxe3 dxe3 40.Ng5+ Kg8 41.Rc1 Qb6 42.Qe2 b4 43.Kh2 a5
44.g4 hxg4 45.fxg4 a4 46.Na1 Qd4 47.Rg1 Qxb2 48.Qxe3 Rxc2+ 49.Nxc2 Rxc2+  0-1

[Event "ch-SWE Mastarklassen"]
[Site "Lund SWE"]
[Date "2010.07.08"]
[Round "6"]
[White "Persson,Andr"]
[Black "Rosell,T"]
[Result "1-0"]
[WhiteElo "2097"]
[BlackElo "2191"]

1.e4 c5 2.Nf3 d6 3.Bb5+ Nd7 4.d4 a6 5.Bxd7+ Bxd7 6.O-O g6 7.Re1 Bg7 8.Nc3 cxd4
9.Nxd4 Nf6 10.Bg5 O-O 11.Qd2 Qb6 12.Nb3 Be6 13.Nd5 Bxd5 14.exd5 Qc7 15.Rad1 Rac8
16.c3 Rfe8 17.Qf4 Qd7 18.Re3 Qb5 19.Qf3 h6 20.Bh4 Rc4 21.Bg3 Ra4 22.c4 Rxc4
23.h3 Kf8 24.Red3 a5 25.Nc1 a4 26.b3 Rc2 27.bxa4 Qxa4 28.Rb3 Rec8 29.Nd3 Qxa2
30.Nb4 Qa7 31.Nxc2 Rxc2 32.Rdb1 Rc7 33.Bf4 Nd7 34.Qe3 Qxe3 35.Bxe3 Nc5 36.Rb5 Ke8
37.Bxc5 dxc5 38.Rxb7 Kd7 39.Rb8 Bd4 40.Kf1 f5 41.Ke2 e6 42.dxe6+ Kxe6 43.R8b6+ Ke5
44.Rxg6 Ra7 45.Rd1 Kd5 46.Rxh6 Kc4 47.Rc1+ Bc3 48.Rc6 Re7+ 49.Kf3 Re5 50.h4 Rd5
51.Re6 Kb4 52.h5 Bd2 53.Rb6+ Ka5 54.Rcb1 Bb4 55.Rb8 Rd6 56.Ra1+  1-0

[Event "ch-SWE JSM"]
[Site "Lund SWE"]
[Date "2010.07.08"]
[Round "6"]
[White "Westerberg,J"]
[Black "Lindgren,P"]
[Result "1/2-1/2"]
[WhiteElo "2161"]
[BlackElo "2109"]

1.e4 c5 2.Nf3 d6 3.Bb5+ Bd7 4.Bxd7+ Qxd7 5.c4 Nf6 6.Nc3 g6 7.O-O Bg7 8.d4 cxd4
9.Nxd4 Nc6 10.Re1 O-O 11.f3 a6 12.Be3 Nxd4 13.Bxd4 b5 14.cxb5 axb5 15.Qb3 Rab8
16.Rad1 Qc6 17.e5 dxe5 18.Rxe5 b4 19.Ne2 Qb7 20.Nf4 Rfd8 21.Qe3 Nd5 22.Nxd5 Rxd5
23.Rxd5 Qxd5 24.Rd2 Bxd4 25.Qxd4 Qxa2 26.Qe3 e6 27.h4 Qb1+ 28.Kh2 Qf5 29.g4 Qf6
30.Kg3 Rd8 31.g5 Qe7 32.Rxd8+ Qxd8 33.Qe5  1/2-1/2

[Event "FSGM July"]
[Site "Budapest HUN"]
[Date "2010.07.09"]
[Round "7"]
[White "Brinck Claussen,B"]
[Black "Naroditsky,D"]
[Result "0-1"]
[WhiteElo "2314"]
[BlackElo "2356"]

1.e4 c5 2.Nf3 d6 3.Bb5+ Bd7 4.Bxd7+ Qxd7 5.c4 e5 6.Nc3 Nc6 7.d3 g6 8.Nd5 Nce7
9.a4 Bg7 10.a5 Nxd5 11.exd5 Ne7 12.O-O O-O 13.b4 Nxd5 14.cxd5 e4 15.Rb1 exf3
16.Qxf3 Rac8 17.Be3 b6 18.axb6 axb6 19.bxc5 bxc5 20.Rb6 Rb8 21.Rc6 Be5 22.d4 cxd4
23.Bh6 Rfe8 24.Rfc1 Qf5 25.Qxf5 gxf5 26.f4 Bf6 27.Rxd6 d3 28.Rd1 Bd4+ 29.Kf1 Rb2  0-1

[Event "3rd Open"]
[Site "Paracin SRB"]
[Date "2010.07.09"]
[Round "1"]
[White "Petrovski,I"]
[Black "Milenkovic,M"]
[Result "1/2-1/2"]
[WhiteElo "2054"]
[BlackElo "2380"]

1.e4 c5 2.Nf3 d6 3.Bb5+ Nd7 4.O-O a6 5.Bxd7+ Bxd7 6.c3 Nf6 7.Re1 Bc6 8.d3 g6
9.Nbd2 Bg7 10.d4 cxd4 11.cxd4 O-O 12.d5 Bd7 13.Nb3 Ng4 14.Nbd4 Qb6 15.Rb1 e5
16.dxe6 fxe6 17.Re2 Rac8 18.h3 Ne5 19.Nxe5 dxe5 20.Nf3 Bb5 21.Rc2 Rcd8 22.Rd2 Rxd2
23.Bxd2 Qc6 24.Bb4 Re8 25.Qd6 Qxe4 26.Re1 Qc2 27.Bc3 e4 28.Nd4 Qd3 29.Nxb5 Qxb5
30.Bxg7 Kxg7 31.Rxe4 Qc6 32.Qe5+ Kg8 33.Re3 Qd7 34.h4 b5 35.Kh2 Qg7 36.Qxg7+ Kxg7
37.Kg3 Kf6 38.Ra3 Ra8 39.Kf4 a5 40.Ke4 a4 41.Rf3+ Ke7 42.Rc3 Rd8 43.Rc7+ Kf6
44.g4 h6 45.f4 g5 46.hxg5+ hxg5 47.Rc5 gxf4 48.Rxb5 a3 49.bxa3 Ra8 50.g5+ Kg6
51.Kxf4 Rxa3 52.Rb6 Kf7 53.Rb7+ Kg6 54.Rb6 Ra4+ 55.Ke5 Rxa2 56.Rxe6+ Kxg5  1/2-1/2

[Event "ch-TUR w"]
[Site "Konya TUR"]
[Date "2010.07.10"]
[Round "2"]
[White "Sanal,S"]
[Black "Alev,G"]
[Result "1/2-1/2"]
[WhiteElo "1713"]
[BlackElo "1565"]

1.e4 c5 2.Nf3 d6 3.Bb5+ Bd7 4.Bxd7+ Qxd7 5.O-O Nc6 6.c3 Nf6 7.Re1 e6 8.d4 cxd4
9.cxd4 Be7 10.Nc3 O-O 11.h3 a6 12.Bf4 Rac8 13.Rc1 b5 14.d5 exd5 15.Nxd5 Nxd5
16.Qxd5 Rfd8 17.Rcd1 Qb7 18.Nd4 Bf6 19.Nxc6 Qxc6 20.Qxc6 Rxc6 21.Re2 g6 22.Red2 Re8
23.f3 Be5 24.Be3 Bg3 25.Bd4 Be5 26.Kf1 Bf4 27.Rd3 Be5 28.Bxe5 dxe5 29.Rd6 Re6
30.Rxe6 Rxe6 31.Ke2 Kf8 32.Kd2 Rd6+ 33.Kc2 Rxd1 34.Kxd1 Ke7 35.b4 Kd7 36.Kd2 Kd6
37.Kd3 Kd7 38.g3 Ke6 39.f4 f6 40.Ke3 g5 41.Kf3 h5 42.Ke3 Kd6 43.a3 Ke6  1/2-1/2

[Event "Sparkassen Open"]
[Site "Nettetal GER"]
[Date "2010.07.10"]
[Round "8"]
[White "Zahn,R"]
[Black "Krebs,D"]
[Result "1/2-1/2"]
[WhiteElo "2080"]
[BlackElo "2140"]

1.e4 c5 2.Nf3 d6 3.Bb5+ Bd7 4.Bxd7+ Qxd7 5.O-O Nc6 6.d4 cxd4 7.Nxd4 Nf6 8.Nc3 g6
9.Be3 Bg7 10.h3 O-O 11.Qe2 Nxe4 12.Nxe4 Nxd4 13.Bxd4 Bxd4 14.c3 Bg7 15.Rfd1 Qc7
16.Rd3 Rad8 17.Rad1 a6 18.h4 Qa5 19.a3 d5 20.Ng3 e6 21.h5 Qb6 22.Qd2 Rc8
23.hxg6 fxg6 24.Re1 Rf6 25.Re2 Rcf8 26.Rd4 R6f7 27.Rg4 Rf6 28.Rb4 Qc7 29.Qe3 b5
30.a4 Rb8 31.Qg5 Qf7 32.Qe5 Rb7 33.axb5 axb5 34.Qd6 Bf8 35.Qd8 Qe7 36.Qc8 Kf7
37.Rd4 Qc7 38.Qxc7+ Rxc7 39.Rd3 Bc5 40.Kf1 Ra7 41.Rd1 Ra4 42.Ke1 Raf4 43.f3 b4
44.Kd2 bxc3+ 45.bxc3 Ra4 46.Kd3 Bd6 47.Nf1 Bf4 48.Rb1 Ra7 49.Reb2 Kg7 50.Rb7+ Rxb7
51.Rxb7+ Rf7 52.Rb6 Kf6 53.Ra6 Rc7 54.g3 Be5 55.Ra3 h5 56.f4 Bd6 57.Rb3 Bc5
58.Ke2 e5 59.fxe5+ Kxe5 60.Nd2 Kf5 61.Rb5 Kg4 62.Kd3 Kxg3 63.Nb3 Be7 64.Rxd5 h4
65.Nd2 h3 66.Ke2 g5 67.Nf1+ Kh4 68.Rd4+ Kh5 69.Ng3+ Kg6 70.c4 Bc5 71.Rd5 Re7+
72.Kf3 Rf7+ 73.Kg4 Rf4+ 74.Kxh3 Rxc4 75.Ne4 Rxe4  1/2-1/2

[Event "ch-USA Junior"]
[Site "St Louis USA"]
[Date "2010.07.10"]
[Round "1"]
[White "Rosen,E"]
[Black "Robson,R"]
[Result "1/2-1/2"]
[WhiteElo "2179"]
[BlackElo "2562"]

1.e4 c5 2.Nf3 d6 3.Bb5+ Nd7 4.d4 Nf6 5.Nc3 cxd4 6.Qxd4 g6 7.Bg5 Bg7 8.O-O O-O
9.Qd2 Nc5 10.Rae1 a6 11.Bd3 Re8 12.Bh6 Bh8 13.h3 b5 14.Ng5 Bb7 15.f4 e6 16.a3 Rc8
17.Qf2 Qb6 18.Kh2 b4 19.axb4 Qxb4 20.Qh4 Qxb2 21.Nd1 Qd4 22.Nf2 Nxd3 23.cxd3 Rc2
24.Nf3 Qc3 25.f5 a5 26.fxe6 fxe6 27.Ng5 a4 28.Ng4 Nxg4+ 29.Qxg4 Bg7 30.Bxg7 Qxg7
31.Kh1 h5 32.Qd1 Rec8 33.Nxe6 Qe5 34.Nf4 Qg5 35.Qf3 Rf8 36.g3 a3 37.d4 Kh7
38.Ne6 Qd2 39.Nxf8+ Kh6 40.Qf4+ Qxf4 41.Rxf4 a2 42.d5 Rb2 43.Rf6 Kg7 44.Rff1 Ba6
45.Ne6+ Kh6 46.Rf8 Kh7 47.Ng5+ Kg7 48.Ne6+ Kh7 49.Ng5+ Kg7  1/2-1/2

[Event "Int ch-SVK OpenA"]
[Site "Banska Stiavnica SVK"]
[Date "2010.07.11"]
[Round "2"]
[White "Weglarz,L"]
[Black "Kriebel,T"]
[Result "0-1"]
[WhiteElo "2202"]
[BlackElo "2320"]

1.e4 c5 2.Nf3 d6 3.Bb5+ Nd7 4.d4 cxd4 5.Qxd4 a6 6.Bxd7+ Bxd7 7.Nc3 e5 8.Qd3 h6
9.Be3 Nf6 10.Nd2 Be6 11.Nc4 Bxc4 12.Qxc4 Rc8 13.Qd3 Be7 14.O-O O-O 15.a4 Qa5
16.Bd2 Qc5 17.Ra3 Rfd8 18.Rb3 d5 19.exd5 Nxd5 20.Qg3 Rc6 21.Nxd5 Rxd5 22.Bc3 Rg6
23.Qf3 Qc6 24.g3 Bc5 25.Be1 Rf6 26.Qe2 Rd7 27.Rc3 Qd5 28.Rd3 Qe6 29.Rxd7 Qxd7
30.Qxe5 Bd4 31.Qb8+ Kh7 32.c3 Bb6 33.c4 Bd4 34.b3 h5 35.Ba5 Qf5 36.Qxb7 Bxf2+
37.Kg2 Qc2 38.Kh1 Bxg3  0-1

[Event "ZDMI Open"]
[Site "Dresden GER"]
[Date "2010.07.11"]
[Round "2"]
[White "Meier,Geo"]
[Black "Noack,M"]
[Result "1-0"]
[WhiteElo "2648"]
[BlackElo "1961"]

1.e4 c5 2.Nf3 d6 3.Bb5+ Bd7 4.Bxd7+ Qxd7 5.c4 g6 6.d4 Bg7 7.d5 Nf6 8.Nc3 O-O
9.O-O Na6 10.h3 e5 11.a3 Nh5 12.Rb1 Nc7 13.b4 b6 14.bxc5 bxc5 15.Rb7 Rfb8
16.Qb3 Rxb7 17.Qxb7 Qc8 18.Qc6 Ne8 19.Qa4 Nc7 20.Bd2 a6 21.Qc6 Bf8 22.Na4 Rb8
23.Ba5 Ne8 24.Qxc8 Rxc8 25.Rb1 Nhf6 26.Nd2 Bh6 27.f3 Nd7 28.Rb7 Nef6 29.Nb3 Bf8
30.Nb6 Rb8 31.Rxb8 Nxb8 32.Nc8 Ne8 33.g4 f6 34.Bd8 Kf7 35.Na5 Nd7 36.Nb7 h6
37.Kf2 h5 38.Ke2 hxg4 39.hxg4 Kg7 40.g5 fxg5 41.Bxg5 Ndf6 42.Ke3 Kf7 43.Kd3 Be7
44.f4 Ng8 45.Nxe7 Nxe7 46.fxe5 Nc8 47.exd6 Ncxd6 48.Nxd6+ Nxd6 49.e5 Nb7
50.e6+ Ke8 51.Bf4 Ke7 52.Bc7 Kf6 53.Ke4  1-0

[Event "ch-TUR w"]
[Site "Konya TUR"]
[Date "2010.07.11"]
[Round "4"]
[White "Yildiz,B"]
[Black "Sop,S"]
[Result "1-0"]
[WhiteElo "2235"]
[BlackElo "1988"]

1.e4 c5 2.Nf3 d6 3.Bb5+ Bd7 4.Bxd7+ Qxd7 5.c4 Nf6 6.Nc3 g6 7.O-O Nc6 8.d4 cxd4
9.Nxd4 Bg7 10.Nde2 O-O 11.f3 Rfc8 12.Be3 Qd8 13.Qd2 a6 14.b3 Rab8 15.a4 Nd7
16.Rab1 b6 17.Rfc1 Nc5 18.Qd1 Nd7 19.f4 Rb7 20.Qd2 Nf6 21.h3 Ne8 22.Nd4 Nxd4
23.Bxd4 Bxd4+ 24.Qxd4 Qc7 25.Qd3 Qc5+ 26.Kh1 Kh8 27.Rf1 Nf6 28.Rbe1 Nh5 29.e5 dxe5
30.Rxe5 Qc6 31.Rd5 Qf6 32.Ne2 e6 33.Rd6 Rbb8 34.Qe3 b5 35.axb5 axb5 36.c5 Qb2
37.Rd2 Qa3 38.Qc3+ Kg8 39.c6 Qe7 40.Rc1 Rc7 41.Qe5 f6 42.Qe3 b4 43.Qe4 Rbc8
44.Rc4 Kf8 45.Rdc2 Rb8 46.Rc5 Qd6 47.g4 Ng7 48.Nd4 Re8 49.Kg2 e5 50.Nb5 exf4
51.Nxd6  1-0

[Event "ch-SWE Veterans"]
[Site "Lund SWE"]
[Date "2010.07.11"]
[Round "9"]
[White "Soderborg,B"]
[Black "Hammar,B"]
[Result "0-1"]
[WhiteElo "2115"]
[BlackElo "2230"]

1.e4 c5 2.Nf3 d6 3.Bb5+ Bd7 4.Bxd7+ Qxd7 5.O-O Nf6 6.Re1 Nc6 7.d4 cxd4 8.Nxd4 e6
9.Nc3 Be7 10.Bg5 O-O 11.Nf3 Rfd8 12.Qe2 a6 13.Be3 b5 14.Rad1 Qb7 15.Nd2 Rac8
16.f3 Ne5 17.Rc1 Rd7 18.a3 Rdc7 19.h3 Ng6 20.Nb3 Rd7 21.Red1 Ne5 22.Nd2 h6
23.f4 Nc4 24.Nxc4 Rxc4 25.Rd4 Rdc7 26.Rcd1 e5 27.Rxc4 Rxc4 28.Qf3 b4 29.Nd5 Nxd5
30.Rxd5 bxa3 31.bxa3 exf4 32.Bxf4 Qc8 33.Kh2 Qe6 34.Qd3 Rxe4 35.Bxd6 Re3
36.Qd4 Bf6 37.Qd1 Re2 38.Qd3 Rxc2 39.Rc5 Rxc5  0-1

[Event "5th Summer Cup"]
[Site "Porto Carras GRE"]
[Date "2010.07.11"]
[Round "1"]
[White "Tassopoulos,M"]
[Black "Ganiaridis,P"]
[Result "1-0"]
[WhiteElo "2257"]
[BlackElo "1603"]

1.e4 c5 2.Nf3 d6 3.Bb5+ Bd7 4.Bxd7+ Qxd7 5.O-O Nc6 6.c3 g6 7.d4 cxd4 8.cxd4 Bg7
9.Nc3 Nf6 10.d5 Na5 11.Qe2 Rc8 12.Be3 a6 13.Bd4 O-O 14.Rfc1 b5 15.b4 Nc4
16.a4 Ne8 17.axb5 axb5 18.Ra7 Rc7 19.Rxc7 Nxc7 20.Bxg7 Kxg7 21.Nxb5 Nxb5
22.Qxc4 Ra8 23.h3 Ra7 24.Nd4 Nxd4 25.Qxd4+ f6 26.b5 Rb7 27.b6 Qb5 28.Rc6 Kf7
29.g3 Qb3 30.Kg2 Qb5 31.h4 Qb3 32.Kh2 Qb5 33.Kg1 Qb1+ 34.Kg2 Qb5 35.Kh2 Qb1
36.Qe3 Kg7 37.Kg2 Qb4 38.g4 h6 39.h5 g5 40.Qf3 Rxb6 41.Rxb6 Qxb6 42.Qf5 Qd4
43.Qg6+ Kf8 44.Qxh6+ Ke8 45.Qg6+ Kd7 46.h6 Qd1 47.Qf5+  1-0

[Event "ch-USA Junior"]
[Site "St Louis USA"]
[Date "2010.07.12"]
[Round "3"]
[White "Zierk,S"]
[Black "Robson,R"]
[Result "0-1"]
[WhiteElo "2385"]
[BlackElo "2562"]

1.e4 c5 2.Nf3 d6 3.Bb5+ Bd7 4.Bxd7+ Qxd7 5.O-O Nf6 6.e5 dxe5 7.Nxe5 Qc8 8.b3 e6
9.Bb2 Be7 10.Nc3 O-O 11.Qf3 Nfd7 12.Nxd7 Qxd7 13.Ne4 Nc6 14.Qc3 Qd4 15.Rfe1 Rfd8
16.Qxd4 cxd4 17.c4 dxc3 18.dxc3 f5 19.Ng3 Rd2 20.Re2 Rad8 21.Kf1 Kf7 22.Rae1 Bf6
23.Rxd2 Rxd2 24.Re2 Rd3 25.Re3 Rd2 26.Re2 Rd3 27.Re3 Rd8 28.Re2 g5 29.Rc2 Ne5
30.Ke2 Ng6 31.Nh5 Be5 32.g3 Ne7 33.f4 Kg6 34.fxe5 Kxh5 35.c4 Kg4 36.Ba3 Nc6
37.Bb2 Kh3 38.Ke3 Rd1 39.Bc3 Rh1 40.b4 Rxh2 41.Rxh2+ Kxh2 42.b5 Kxg3 43.bxc6 bxc6
44.Kd4 h5 45.Bd2 f4 46.Be1+ Kg2  0-1

[Event "ch-TUR w"]
[Site "Konya TUR"]
[Date "2010.07.13"]
[Round "7"]
[White "Menzi,N"]
[Black "Firat,Deniz"]
[Result "1-0"]
[WhiteElo "1851"]
[BlackElo "1621"]

1.e4 c5 2.Nf3 d6 3.Bb5+ Bd7 4.Bxd7+ Qxd7 5.c4 Nf6 6.Nc3 e6 7.O-O Nc6 8.d4 cxd4
9.Nxd4 a6 10.f3 Be7 11.Be3 O-O 12.Qd2 Rad8 13.Rfd1 d5 14.cxd5 exd5 15.exd5 Nxd5
16.Nxc6 bxc6 17.Nxd5 Qxd5 18.Qc2 Qb5 19.a4 Qb7 20.Rxd8 Rxd8 21.Rc1 Rc8 22.Qe4 Bf6
23.b4 Qe7 24.Qxe7 Bxe7 25.Bc5 Bf6 26.Rd1 Rd8 27.Rd6 Rxd6 28.Bxd6 Bd4+ 29.Kf1 f6
30.Ke2 Kf7 31.Kd3 Ba7 32.Kc4 Ke6 33.Bc5 Bb8 34.g3 Kd7 35.a5 Ke6 36.Bf8 Kf7
37.Bc5 Bc7 38.Bb6 Bd6 39.Bc5 Bc7 40.Kd4 g6 41.f4 Ke6 42.Ke4 Kf7 43.g4 Kg7
44.Kf3 Kf7 45.h4 h6 46.Ke4 Kg7 47.f5 g5 48.h5 Kf7 49.Kd4 Kg7 50.Kc4 Kf7 51.Bb6 Bd6
52.Bd8 Kg7 53.Kc3 Kf7 54.Kb3 Kg7 55.Kc4 Kf7 56.Bb6 Kg7 57.Bc5 Bc7 58.Ba7 Kf7
59.Kc5 Ke7 60.Kxc6 Kd8 61.Kb7  1-0

[Event "2nd Open"]
[Site "Rethymno GRE"]
[Date "2010.07.13"]
[Round "1"]
[White "Khairullin,A"]
[Black "Borovikov,V"]
[Result "0-1"]
[WhiteElo "1930"]
[BlackElo "2601"]

1.e4 c5 2.Nf3 d6 3.Bb5+ Nd7 4.d4 a6 5.Bxd7+ Bxd7 6.O-O e6 7.Nc3 Ne7 8.Be3 Ng6
9.Re1 Be7 10.Qd2 O-O 11.Rad1 cxd4 12.Nxd4 Ne5 13.Qe2 b5 14.f4 Nc4 15.Bc1 Rc8
16.Kh1 b4 17.Nb1 Qa5 18.a3 bxa3 19.Nxa3 Nxa3 20.bxa3 Qa4 21.Bb2 e5 22.Nb3 f6
23.f5 Qc4 24.Rd2 Qxe2 25.Rexe2 Rc4 26.c3 Rb8 27.Nc1 Bc6 28.h3 Bxe4 29.Rf2 d5
30.Nd3 a5 31.Kh2 Bd6 32.Kh1 h5 33.Nc1 h4 34.Nd3 Ra4  0-1

[Event "Corporation Centre Cup"]
[Site "Izhevsk RUS"]
[Date "2010.07.15"]
[Round "1"]
[White "Mokshanov,A"]
[Black "Khismatullin,D"]
[Result "0-1"]
[WhiteElo "2255"]
[BlackElo "2667"]

1.e4 c5 2.Nf3 d6 3.Bb5+ Nc6 4.Bxc6+ bxc6 5.O-O Bg4 6.c3 Nf6 7.Re1 Nd7 8.d4 e6
9.Be3 cxd4 10.cxd4 Qb8 11.b3 Be7 12.Nbd2 O-O 13.Rc1 Rc8 14.Rc3 d5 15.Qc2 dxe4
16.Qxe4 Bf5 17.Qf4 Qxf4 18.Bxf4 Nb6 19.Ne5 Nd5 20.Rf3 Nxf4 21.Rxf4 Bg5 22.g3 Bxf4
23.gxf4 c5 24.dxc5 Rxc5 25.Ndc4 Rd8  0-1

[Event "ch-SUI"]
[Site "Lenzerheide SUI"]
[Date "2010.07.15"]
[Round "8"]
[White "Ekstroem,R"]
[Black "Gallagher,Jo"]
[Result "1/2-1/2"]
[WhiteElo "2496"]
[BlackElo "2499"]

1.e4 c5 2.Nf3 d6 3.Bb5+ Bd7 4.Bxd7+ Qxd7 5.c4 Nf6 6.Nc3 g6 7.d4 cxd4 8.Nxd4 Bg7
9.f3 O-O 10.O-O Rc8 11.b3 d5 12.exd5 Nxd5 13.Nxd5 e6 14.Bh6 exd5 15.Bxg7 Kxg7
16.cxd5 Qxd5 17.Ne2 Qe5 18.Qd4 Nc6 19.Qxe5+ Nxe5 20.Rac1  1/2-1/2

[Event "Canadian Open"]
[Site "Toronto CAN"]
[Date "2010.07.15"]
[Round "6"]
[White "Semianiuk,K"]
[Black "Wang,Richard"]
[Result "1/2-1/2"]
[WhiteElo "1974"]
[BlackElo "2190"]

1.e4 c5 2.Nf3 d6 3.Bb5+ Bd7 4.Bxd7+ Qxd7 5.c4 Nc6 6.d4 cxd4 7.Nxd4 Nf6 8.Nc3 g6
9.f3 Bg7 10.Be3 O-O 11.O-O a6 12.a4 e6 13.Rc1 Ne5 14.b3 d5 15.exd5 exd5 16.cxd5 Nxd5
17.Nxd5 Qxd5 18.Nf5 Qxd1 19.Ne7+ Kh8 20.Rfxd1 Rfe8 21.Rc7 b5 22.a5 h5 23.h3 Rad8
24.Rxd8 Rxd8 25.Nc6 Rd3 26.Bf4 Nxc6  1/2-1/2

[Event "ZDMI Open"]
[Site "Dresden GER"]
[Date "2010.07.16"]
[Round "7"]
[White "Probst,Ale"]
[Black "Richter,Stefa"]
[Result "1-0"]
[WhiteElo "2006"]
[BlackElo "1883"]

1.e4 c5 2.Nf3 d6 3.Bb5+ Bd7 4.Bxd7+ Nxd7 5.O-O g6 6.c3 Ngf6 7.Qe2 Bg7 8.d4 cxd4
9.cxd4 O-O 10.e5 Ne8 11.e6 Ndf6 12.exf7+ Rxf7 13.Ng5 Nc7 14.Nxf7 Kxf7 15.Nc3 h6
16.Re1 Qd7 17.Bf4 a6 18.Qc4+ Kf8 19.Rac1 b5 20.Qd3 g5 21.Bg3 h5 22.h4 gxh4
23.Bxh4 Qg4 24.Bxf6 Bxf6 25.Ne4 Nd5 26.Nxf6 Nxf6 27.Re3 h4 28.Qe2 Qg7 29.Rc7 Re8
30.Qf3 Kg8 31.Rec3 Qf8 32.Qf4 Qg7 33.Qxh4 Kf7 34.Rg3 Qf8 35.Qg5  1-0

[Event "ZDMI Open"]
[Site "Dresden GER"]
[Date "2010.07.16"]
[Round "7"]
[White "Kuehnast,V"]
[Black "Eilers,J"]
[Result "1/2-1/2"]
[WhiteElo "1894"]
[BlackElo "2002"]

1.e4 c5 2.Nf3 d6 3.Bb5+ Nc6 4.O-O g6 5.c4 e5 6.d3 Bg7 7.Bg5 Ne7 8.Qd2 O-O
9.Nc3 f6 10.Bxc6 fxg5 11.Bd5+ Nxd5 12.exd5 g4 13.Ne1 Bf5 14.Ne4 Bxe4 15.dxe4 h5
16.Nd3 Kh7 17.Rab1 Bh6 18.Qe2 Qe7 19.b4 b6 20.bxc5 bxc5 21.Rb3 Rf7 22.Rfb1 Raf8
23.Rb8 Qc7 24.Rxf8 Bxf8 25.Rb3 Qa5 26.Qb2 Qa6 27.Rb5 Bh6 28.Qb3 Bg5 29.Qc2 Rb7
30.Rxb7+ Qxb7 31.Qb3 Qa6 32.Kf1 Qb6 33.Qxb6 axb6 34.Nb2 Kg7 35.Na4 Bd8 36.Nc3 Kf7
37.Ke2 Ke7 38.f3 gxf3+ 39.Kxf3 g5 40.h3 Kd7 41.g4 h4 42.Ke2 Be7 43.Kd3 Kc7
44.Kc2 Kb7 45.Kb3 Ka6  1/2-1/2

[Event "Corporation Centre Cup"]
[Site "Izhevsk RUS"]
[Date "2010.07.16"]
[Round "2"]
[White "Alavkin,A"]
[Black "Arzamastsev,A"]
[Result "1-0"]
[WhiteElo "2447"]
[BlackElo "2132"]

1.e4 c5 2.Nf3 d6 3.Bb5+ Bd7 4.Bxd7+ Qxd7 5.O-O Nc6 6.c3 Nf6 7.Re1 e6 8.d4 cxd4
9.cxd4 d5 10.e5 Ne4 11.Nbd2 Nxd2 12.Bxd2 Be7 13.Rc1 O-O 14.Rc3 a5 15.a3 a4
16.h4 Na5 17.Nh2 Nb3 18.Rg3 f5 19.exf6 Bxf6 20.Be3 e5 21.Ng4 e4 22.h5 Kh8
23.h6 g6 24.Rf1 Bh4 25.Rh3 Qe7 26.f3 Bg5 27.fxe4 dxe4 28.d5 Rxf1+ 29.Qxf1 Rf8
30.Qc4 Bxe3+ 31.Rxe3 Qc5 32.Qxe4 Qd6 33.Rxb3  1-0

[Event "Open"]
[Site "Antakya TUR"]
[Date "2010.07.17"]
[Round "5"]
[White "Deviren,E"]
[Black "Buyukasik,D"]
[Result "1/2-1/2"]
[WhiteElo "1830"]
[BlackElo "2034"]

1.e4 c5 2.Nf3 d6 3.Bb5+ Nd7 4.d4 a6 5.Bxd7+ Bxd7 6.O-O cxd4 7.Qxd4 Nf6 8.Bg5 e5
9.Qd3 Be7 10.c4 O-O 11.Nc3 b5 12.Bxf6 Bxf6 13.cxb5 Bxb5 14.Nxb5 axb5 15.Qxb5 Rb8
16.Qd5 Rxb2 17.a4 Qa8 18.Rfd1 Rb4 19.a5 Rxe4 20.a6 Rb4 21.Qxd6 Rg4 22.a7  1/2-1/2

[Event "25th Touraine Open"]
[Site "Avoine FRA"]
[Date "2010.07.17"]
[Round "1"]
[White "Leriche,L"]
[Black "Stephan,V"]
[Result "0-1"]
[WhiteElo "1986"]
[BlackElo "2234"]

1.e4 c5 2.Nf3 d6 3.Bb5+ Bd7 4.Bxd7+ Qxd7 5.c4 Nc6 6.d4 cxd4 7.Nxd4 Nf6 8.Nc3 g6
9.f3 Nxd4 10.Qxd4 Bg7 11.O-O O-O 12.Qd3 Rac8 13.Be3 a6 14.Rad1 Qc6 15.b3 b5
16.Nd5 Nxd5 17.cxd5 Qc2 18.Qxc2 Rxc2 19.Rf2 Rc3 20.Bd4 Bxd4 21.Rxd4 Rfc8
22.Rfd2 a5 23.Kf2 Kg7 24.Ke2 Kf6 25.R4d3 Ke5 26.g3 f5 27.Ke3 fxe4 28.fxe4 b4
29.Rf2 Rxd3+ 30.Kxd3 Rc3+ 31.Kd2 Kd4 32.Rf7 Rd3+ 33.Kc1 Re3 34.Rxe7 Re1+
35.Kd2 Ra1 36.e5 Rxa2+ 37.Kc1 Kxd5 38.exd6 Kxd6 39.Rxh7 Kc5 40.Rh4 Rg2 41.Rc4+ Kd5
42.Rh4 Ke5 43.Rg4 Kf5 44.Rf4+ Kg5 45.Rh4 Rf2 46.h3 Rg2 47.Rg4+ Kf5 48.Rf4+ Ke5
49.Rg4 Rh2 50.h4 Kf6 51.Rf4+ Kg7 52.Rg4 Kh6 53.Rg5 Rg2 54.Rg4 Re2 55.Rg5 Re3
56.Kb2 Rf3 57.Rxa5 Rxg3 58.Rc5 Rg2+ 59.Kc1 Rg4 60.Rc4 Kh5 61.Kd2 Rxh4 62.Ke2 g5
63.Rc5 Rh3 64.Rc8 Rxb3 65.Rh8+ Kg4 66.Rd8 Kg3 67.Rg8 g4 68.Kd2 Rf3 69.Kc2 b3+
70.Kb2 Kh3 71.Rh8+ Kg2 72.Rg8 g3 73.Rd8 Kh2 74.Rh8+ Kg1 75.Rh3 Kf2  0-1

[Event "ZDMI Open"]
[Site "Dresden GER"]
[Date "2010.07.17"]
[Round "8"]
[White "Lorenz,N"]
[Black "Jeschke,Erik"]
[Result "1-0"]
[WhiteElo "1875"]
[BlackElo "1728"]

1.e4 c5 2.Nf3 d6 3.Bb5+ Bd7 4.Bxd7+ Qxd7 5.O-O Nf6 6.Re1 Nc6 7.c3 g6 8.d4 cxd4
9.cxd4 Bg7 10.Nc3 O-O 11.h3 a6 12.Bg5 Rac8 13.Rc1 h6 14.Bxf6 Bxf6 15.Nd5 Qe6
16.Nb6 Qxa2 17.Nxc8 Rxc8 18.Qd2 Qb3 19.e5 dxe5 20.Nxe5 Bxe5 21.dxe5 Rd8 22.Qc2 Qb5
23.e6 Nd4 24.exf7+ Kxf7 25.Qe4 Qd7 26.Qf4+ Kg7 27.Qe5+ Kf7 28.Rc7 Qe6 29.Qf4+ Qf5
30.Rexe7+  1-0

[Event "Najdorf Mem Open A"]
[Site "Warsaw POL"]
[Date "2010.07.17"]
[Round "1"]
[White "Erzhanov,A"]
[Black "Kaczmarek,M"]
[Result "1/2-1/2"]
[WhiteElo "2363"]
[BlackElo "2044"]

1.e4 c5 2.Nf3 d6 3.Bb5+ Bd7 4.Bxd7+ Qxd7 5.O-O Nf6 6.Re1 Nc6 7.c3 e5 8.d4 cxd4
9.cxd4 Be7 10.b3 O-O 11.Bb2 Rfe8 12.Na3 Bf8 13.Qd3 d5 14.dxe5 dxe4 15.Qxd7 Nxd7
16.Rxe4 Ndxe5 17.Nxe5 Bxa3 18.Bxa3 Rxe5 19.Rxe5 Nxe5 20.Re1 Nc6 21.Rd1 Rd8
22.Rxd8+ Nxd8 23.Kf1 f5 24.Ke2 Kf7 25.Kd3 Ke6 26.Kc4 Nc6 27.Bc5 Ne5+ 28.Kc3 a6
29.Bd4 g5 30.Bb6 Kd5 31.Bd8 g4 32.Kd2 Ke4 33.Ke2 f4 34.Bc7 f3+ 35.gxf3+ gxf3+
36.Kd2 Nd3 37.Bb6 Nb4 38.a3 Nd5 39.Bd8 h5 40.Bh4 b5 41.Bd8 Kd4 42.Ba5 Ke4
43.Bd8 Kd4 44.Ba5  1/2-1/2

[Event "Corporation Centre Cup"]
[Site "Izhevsk RUS"]
[Date "2010.07.18"]
[Round "4"]
[White "Mokshanov,A"]
[Black "Gochelashvili,D"]
[Result "0-1"]
[WhiteElo "2255"]
[BlackElo "2443"]

1.e4 c5 2.Nf3 d6 3.Bb5+ Nd7 4.c3 Nf6 5.Qe2 a6 6.Ba4 e5 7.O-O Be7 8.d4 b5
9.Bc2 cxd4 10.cxd4 O-O 11.Rd1 Qc7 12.Nc3 Re8 13.dxe5 dxe5 14.Nd5 Nxd5 15.exd5 Bb7
16.Bg5 Qd6 17.Qe4 g6 18.Qh4 f6 19.Bh6 Rac8 20.Bf5 Bxd5 21.Qg4 Rc4 22.Rxd5 Qxd5
23.Be6+ Kh8 24.Bxd5 Rxg4 25.Be6 Rb4 26.Bxd7 Rd8 27.Be6 g5 28.g4 Rf4 29.Ne1 Bc5
30.Rc1 Bxf2+ 31.Kh1 Bb6 32.Rc6 Rd2 33.Rc8+ Rd8 34.Rc6 Rf1+ 35.Kg2 Rxe1 36.Rxb6 Rd2+
37.Kf3 e4+  0-1

[Event "Corporation Centre Cup"]
[Site "Izhevsk RUS"]
[Date "2010.07.18"]
[Round "4"]
[White "Alavkin,A"]
[Black "Amonatov,F"]
[Result "1/2-1/2"]
[WhiteElo "2447"]
[BlackElo "2608"]

1.e4 c5 2.Nf3 d6 3.Bb5+ Bd7 4.Bxd7+ Qxd7 5.c4 Nf6 6.Nc3 Nc6 7.d4 cxd4 8.Nxd4 g6
9.O-O Bg7 10.Nde2 O-O 11.f3 Qd8 12.b3 a6 13.a4 Nd7 14.Rb1 Rc8 15.Bb2 Nc5
16.Kh1 e6 17.Ba3 Na5 18.Na2 Qc7 19.Nac1 Rfd8 20.Bb4 Nc6 21.Bc3 Bxc3 22.Nxc3 Nb4
23.N3a2 Nxa2 24.Nxa2 b5 25.axb5 axb5 26.cxb5 d5 27.exd5 Rxd5 28.Qc2 Qd7 29.Nb4 Rd2
30.Qc3 Ne4 31.Qe3 Nf6 32.Nc6 Rd5 33.Rbc1 Kg7 34.Rc5 Ra8 35.Qc1 Rxc5  1/2-1/2